| Tag |
First Indicator |
Second Indicator |
Subfields |
| LEADER |
00000cam a2200000 a 4500 |
| 001 |
in00002139334 |
| 006 |
m e d # |
| 007 |
cr mn mmmmabba |
| 008 |
840821q17981799paua s 000 0 ger d |
| 005 |
20260331144554.7 |
| 035 |
|
|
|z w022938
|
| 035 |
|
|
|a MAAR8408213314B
|
| 035 |
|
|
|9 mwa91-29393
|
| 035 |
|
|
|a 341233
|
| 035 |
|
|
|a aas03022938
|
| 040 |
|
|
|a MWA
|c MWA
|e bdrb
|d UtOrBLW
|
| 245 |
0 |
0 |
|a [Neuer Hauswirthschafts Calender, auf das Jahr, nach der heilbringenden Geburt unsers Herrn und Heylandes Jesu Christi, 1799 :
|b ... Mit sonderbarem Fleiss nach dem pennsylvanischen und der angrenzenden Staat Horizont und Nordhöhe berechnet. ... : Zum Erstenmal herausgegeben. ...].
|
| 264 |
|
1 |
|a Philadelphia :
|b Gedruckt und zu haben bey Henrich Schweitzer, No. 85, in der Reesstrasse,
|c 1799 [i.e., 1798?]
|
| 300 |
|
|
|a 40 unnumbered pages :
|b illustrations ;
|c 21 cm. (duodecimo)
|
| 336 |
|
|
|a text
|b txt
|2 rdacontent
|
| 337 |
|
|
|a computer
|b c
|2 rdamedia
|
| 338 |
|
|
|a online resource
|b cr
|2 rdacarrier
|
| 500 |
|
|
|a Cover title: Calender für das Jahr 1799.
|
| 500 |
|
|
|a The only recorded copies, held by the American Antiquarian Society and the Lilly Library, lack the title page. Title assumed from subsequent issues. Imprint from cover.
|
| 500 |
|
|
|a Cover illustration signed: F. Reiche.
|
| 510 |
4 |
|
|a Evans
|c 34174
|
| 510 |
4 |
|
|a Drake, M. Almanacs,
|c 10495
|
| 530 |
|
|
|a Microform version available in the Readex Early American Imprints series.
|
| 533 |
|
|
|a Electronic text and image data.
|b [Chester, Vt. :
|c Readex, a division of Newsbank, Inc.,
|d 2002-2004.
|e Includes files in TIFF, GIF and PDF formats with inclusion of keyword searchable text.
|f (Early American imprints. First series ; no. 34174).
|
| 500 |
|
|
|a Electronic resource.
|
| 655 |
|
7 |
|a Almanacs
|z Pennsylvania
|y 1799.
|2 rbgenr
|
| 700 |
1 |
6 |
|a Reiche, J. F.,
|e illustrator.
|
| 752 |
|
|
|a United States
|b Pennsylvania
|d Philadelphia.
|
| 830 |
|
0 |
|a Early American imprints.
|n Series I,
|p Evans (1639-1800) ;
|v no. 34174.
|
| 856 |
4 |
1 |
|u http://proxy.library.tamu.edu/login?url=https://opac.newsbank.com/select/evans/34174
|y Evans Digital Edition
|t 0
|
| 999 |
|
|
|a MARS
|
| 999 |
f |
f |
|s d2cca24a-526b-30b9-ac51-104baf37e560
|i 699c5467-94e1-316e-abf9-2217a71ef20d
|t 0
|
| 952 |
f |
f |
|a Texas A&M University
|b College Station
|c Electronic Resources
|s www_evans
|d Available Online
|t 0
|h No information provided
|
| 998 |
f |
f |
|t 0
|l Available Online
|